|
|
|
|
| LEADER |
00000nam0a2200000 4500 |
| 001 |
237968 |
| 005 |
20231031205016.0 |
| 010 |
|
|
|b 3000 экз.
|
| 035 |
|
|
|a (RuTPU)RU\TPU\book\259149
|
| 035 |
|
|
|a RU\TPU\book\73510
|
| 090 |
|
|
|a 237968
|
| 100 |
|
|
|a 20130520d1942 k y0rusy50 ca
|
| 101 |
1 |
|
|a rus
|c eng
|
| 102 |
|
|
|a RU
|
| 105 |
|
|
|a a z 001zy
|
| 200 |
1 |
|
|a Теория колебаний
|e пер. со 2-го америк. изд.
|f Дж. П. Ден-Гартог
|g пер. А. Н. Обморшева
|
| 210 |
|
|
|a Москва
|c Государственное издательство технико-теоретической литературы
|d 1942
|
| 215 |
|
|
|a 464 с.
|c ил.
|
| 300 |
|
|
|a Подписано к печати 19.11.1942 г.
|
| 320 |
|
|
|a Указатель литературы: с. 454-457
|
| 320 |
|
|
|a Предметный указатель: с. 460-464
|
| 320 |
|
|
|a Обозначения: с. 458-459.
|
| 610 |
1 |
|
|a механические колебания
|
| 610 |
1 |
|
|a кинематика
|
| 610 |
1 |
|
|a свобода
|
| 610 |
1 |
|
|a многоцилиндровые двигатели
|
| 610 |
1 |
|
|a машины
|
| 610 |
1 |
|
|a вращающиеся части
|
| 610 |
1 |
|
|a автоколебания
|
| 610 |
1 |
|
|a квазигармонические колебания
|
| 610 |
1 |
|
|a нелинейные колебания
|
| 675 |
|
|
|a 534
|v 3
|
| 700 |
|
1 |
|a Ден-Гартог
|b Дж. П.
|
| 702 |
|
1 |
|a Обморшев
|b А. Н.
|4 730
|
| 801 |
|
1 |
|a RU
|b 63413507
|c 20041014
|g PSBO
|
| 801 |
|
2 |
|a RU
|b 63413507
|c 20140510
|g PSBO
|
| 942 |
|
|
|c BK
|